Seeing for yourself : (Record no. 13793)
[ view plain ]
| 000 -LEADER | |
|---|---|
| fixed length control field | 00746nam a22002172 4500 |
| 001 - CONTROL NUMBER | |
| control field | 0000020241 |
| 005 - DATE AND TIME OF LATEST TRANSACTION | |
| control field | 20151217155907.0 |
| 008 - FIXED-LENGTH DATA ELEMENTS--GENERAL INFORMATION | |
| fixed length control field | 110905s xx 000 0 eng d |
| 020 ## - INTERNATIONAL STANDARD BOOK NUMBER | |
| International Standard Book Number | 0821334530 : |
| 040 ## - CATALOGING SOURCE | |
| Original cataloging agency | KABU |
| Transcribing agency | KABU |
| 100 1# - MAIN ENTRY--PERSONAL NAME | |
| Personal name | Kane, Eileen. |
| -- | 0000163117 |
| 245 10 - TITLE STATEMENT | |
| Title | Seeing for yourself : |
| Remainder of title | research handbook for girls' education in Africa / |
| Statement of responsibility, etc. | Eileen Kane. |
| 250 ## - EDITION STATEMENT | |
| Edition statement | 1st ed. |
| 260 ## - PUBLICATION, DISTRIBUTION, ETC. (IMPRINT) | |
| Place of publication, distribution, etc. | Washington, D. C. : |
| Name of publisher, distributor, etc. | World Bank, |
| Date of publication, distribution, etc. | 1995. |
| 300 ## - PHYSICAL DESCRIPTION | |
| Extent | xi, 331 p. |
| 650 #0 - SUBJECT ADDED ENTRY--TOPICAL TERM | |
| Topical term or geographic name as entry element | Women |
| General subdivision | Education |
| -- | Research. |
| -- | Handbooks, manuals, etc. |
| Geographic subdivision | Africa. |
| -- | 0000180331 |
| 650 #0 - SUBJECT ADDED ENTRY--TOPICAL TERM | |
| Topical term or geographic name as entry element | Education |
| General subdivision | Research. |
| -- | Methodology |
| Geographic subdivision | Africa. |
| -- | 0000180332 |
| 852 1# - LOCATION | |
| -- | p1500 KES |
| 908 ## - PUT COMMAND PARAMETER (RLIN) | |
| Put command parameter | 110905 |
| 950 ## - LOCAL HOLDINGS (RLIN) | |
| -- | 1 |
| Withdrawn status | Lost status | Source of classification or shelving scheme | Not for loan | Home library | Current library | Date acquired | Total Checkouts | Full call number | Barcode | Date last seen | Price effective from | Koha item type |
|---|---|---|---|---|---|---|---|---|---|---|---|---|
| Library of Congress Classification | Kabarak, Main Campus | Kabarak, Main Campus | 17/12/2015 | LC2417 .K36 1995 | 21614 | 17/12/2015 | 17/12/2015 | Africana Collection |